Malaysia adolescent and MTV : a search for identity

Main Author: Haryati Abdul Karim
Published: Sabah: Universiti Malaysia Sabah, 2007.
Series:Siri penerbitan penyelidikan Sains Sosial; no. 4
Subjects:
LEADER 00622cam a2200181 7i4500
001 0000077428
005 20091223090000.0
008 091223s2007
020 # 0 |a 9771823105005  
090 0 0 |a HQ 779 .M3   |b H3 2007 
100 0 # |a Haryati Abdul Karim  
245 0 0 |a Malaysia adolescent and MTV :   |b a search for identity   |c Haryati Abdul Karim. 
260 # # |a Sabah:   |b Universiti Malaysia Sabah,   |c 2007. 
300 # # |a xii, 97p.:   |b ill.;   |c 23 cm.. 
490 0 0 |a Siri penerbitan penyelidikan Sains Sosial;   |v no. 4 
650 0 0 |a Adolescence Malaysia  
650 0 0 |a Teenagers Malaysia Case studies  
999 |a 1100070406  |b Book  |c Open Shelf  |e KOLEKSI TERBUKA